000
00226nam a2200097Ia 4500
008
190216s9999||||xx |||||||||||||| ||und||
100
_a
Nookacs G R
245
2
_a
A Text Book Of Heat
260
_b
Magmillan &co Ltd
942
_c
BK
999
_c
32682
_d
32682